01123cam a2200241 a 450000100040000000500170000402000180002102000180003902000180005704000250007505000250010008200150012510000220014024500570016225000170021926000380023630000410027449000380031550500060035352004860035952100180084552100180086351920231211142655.0 a9780316176187 a9780340996928 a9780316176170 aDLCcDLCbengdFISKH00aPZ7.C83535bHlh 201100a823.922221 aCowell, Cressida.10aHow to break a dragon's heart /cby Cressida Cowell. a1st U.S. ed. aNew York :bLittle, Brown,c2011. a299 pages :billustrations ;c20 cm.0 aHow to train your dragon ;vbk. 8 aU aRead the HILARIOUS books that inspired the HOW TO TRAIN YOUR DRAGON films! Hiccup Horrendous Haddock the Third is a smallish Viking with a longish name. Hiccup's father is chief of the Hairy Hooligan tribe which means Hiccup is the Hope and the Heir to the Hairy Hooligan throne - but most of the time Hiccup feels like a very ordinary boy, finding it hard to be a Hero. Whilst searching for his lost friend Camicazi, Hiccup and the Hooligan Tribe have ended up on Uglithug Island. a960 bLexile aU bRaz-Plus